Digital Methods in the Humanities (Record no. 92898)
[ view plain ]
| 000 -LEADER | |
|---|---|
| fixed length control field | 01588nam a2200253Ii 4500 |
| 008 - FIXED-LENGTH DATA ELEMENTS--GENERAL INFORMATION | |
| fixed length control field | 221202s xx 000 0 und d |
| 245 #0 - TITLE STATEMENT | |
| Title | Digital Methods in the Humanities |
| 246 ## - VARYING FORM OF TITLE | |
| Title proper/short title | Challenges, Ideas, Perspectives |
| 264 #1 - PRODUCTION, PUBLICATION, DISTRIBUTION, MANUFACTURE, AND COPYRIGHT NOTICE | |
| Place of production, publication, distribution, manufacture | [Place of publication not identified] : |
| Name of producer, publisher, distributor, manufacturer | [Publisher not identified], |
| Date of production, publication, distribution, manufacture, or copyright notice | 2020 |
| 300 ## - PHYSICAL DESCRIPTION | |
| Extent | 1 online resource (312 pages) |
| 336 ## - CONTENT TYPE | |
| Content type term | text |
| Content type code | txt |
| Source | rdacontent |
| 337 ## - MEDIA TYPE | |
| Media type term | computer |
| Media type code | c |
| Source | rdamedia |
| 338 ## - CARRIER TYPE | |
| Carrier type term | online resource |
| Carrier type code | cr |
| Source | rdacarrier |
| 490 ## - SERIES STATEMENT | |
| Series statement | Digital Humanities Research |
| Volume/sequential designation | 1 |
| 520 ## - SUMMARY, ETC. | |
| Summary, etc. | Digital Humanities is a transformational endeavor that not only changes the perception, storage, and interpretation of information but also of research processes and questions. It also prompts new ways of interdisciplinary communication between humanities scholars and computer scientists. This volume offers a unique perspective on digital methods for and in the humanities. It comprises case studies from various fields to illustrate the challenge of matching existing textual research practices and digital tools. Problems and solutions with and for training tools as well as the adjustment of research practices are presented and discussed with an interdisciplinary focus. |
| 653 ## - INDEX TERM--UNCONTROLLED | |
| Uncontrolled term | Corpus Analysis |
| 653 ## - INDEX TERM--UNCONTROLLED | |
| Uncontrolled term | Digital Humanities |
| 653 ## - INDEX TERM--UNCONTROLLED | |
| Uncontrolled term | Digital Methods |
| 653 ## - INDEX TERM--UNCONTROLLED | |
| Uncontrolled term | Media |
| 653 ## - INDEX TERM--UNCONTROLLED | |
| Uncontrolled term | Visualization |
| 700 1# - ADDED ENTRY--PERSONAL NAME | |
| Personal name | Schwandt, Silke |
| 856 ## - ELECTRONIC LOCATION AND ACCESS | |
| Uniform Resource Identifier | <a href="https://docs.google.com/spreadsheets/d/1yKIrdCPDAG_9c22mwoOIO2DOhtj65Wqa/edit?usp=sharing&ouid=106555315294820607512&rtpof=true&sd=true ">https://docs.google.com/spreadsheets/d/1yKIrdCPDAG_9c22mwoOIO2DOhtj65Wqa/edit?usp=sharing&ouid=106555315294820607512&rtpof=true&sd=true </a> |
| Link text | List of Curated E-Books |
| 942 ## - ADDED ENTRY ELEMENTS (KOHA) | |
| Koha item type | E-Book |
No items available.